Das Informatiksystem PRISMA im Staatsarchiv Basel-Stadt
| Titel: | Das Informatiksystem PRISMA im Staatsarchiv Basel-Stadt : Ziele, Einsatz, Konsequenzen |
|---|---|
| Verfasser: | |
| In: |
Staatsarchiv Basel-Stadt: Jahresbericht, Band 1999 (2000), Seite 40-64 alle Artikel anzeigen |
| Veröffentlicht: | 2000 |
| Format: | Aufsatz |
X
alg: 44188762 001A $03036:30-01-19 001B $01999:30-01-19 $t22:55:30.000 001D $03036:30-01-19 001U $0utf8 001X $00 002@ $0Aox 003@ $0441887627 007A $0441887627 $aHEB 007T $0ArchMa04538 011@ $a2000 021A $aDas @Informatiksystem PRISMA im Staatsarchiv Basel-Stadt $dZiele, Einsatz, Konsequenzen 028A $aSchärli $dThomas 031A $d1999 $h40-64 $j2000 039B $aIn $8--Abvc--Staatsarchiv Basel-Stadt [Tb1]. Jahresbericht. - Basel : Archiv, 1928-2004. - ISSN 0404-9810 $x200000009990000960 $9048213322 lok: 44188762 105 exp: 44188762 105 1 #EPN 201B/01 $030-01-19 $t13:04:15.000 201C/01 $030-01-19 201U/01 $0utf8 203@/01 $01042238596 208@/01 $a13-12-18 $be 209A/01 $a/ $f106 $x00 244Z/01 $aBasel $x01 245Z/01 $a4.12.02. $bArchivwesen Europas / Schweiz, Liechtenstein / Archive und Archivbestände $x01 247C/01 $8->Marburg, Bibliographie zum Archivwesen der Archivschule Marburg $939588196X
| LEADER | 00000caa a22000002c 4500 | ||
|---|---|---|---|
| 001 | 441887627 | ||
| 003 | DE-603 | ||
| 005 | 20190130225530.0 | ||
| 007 | tu | ||
| 008 | 190130s2000 xx |||| | u00||u|und c | ||
| 035 | |a (DE-599)HEB441887627 | ||
| 040 | |a DE-603 |b ger |c DE-603 |d DE-603 | ||
| 100 | 1 | |a Schärli, Thomas | |
| 245 | 0 | 0 | |a Das Informatiksystem PRISMA im Staatsarchiv Basel-Stadt |b Ziele, Einsatz, Konsequenzen |
| 264 | 0 | |c 2000 | |
| 773 | 0 | 8 | |i In |a Staatsarchiv Basel-Stadt |t Jahresbericht |d Basel : Archiv, 1928-2004 |h 21 cm |x 0404-9810 |g Band 1999 (2000), Seite 40-64 |w (DE-603)048213322 |w (DE-600)952688-2 |
| 924 | 0 | |9 - |a (DE-603)1042238596 |b DE- |c HES |d d |g / | |